I found it on the internet : coming of age online

Bibliographic Details
Main Author: Harris, Frances Jacobson
Format: Book
Published: Chicago : American Library Association , 2005
Subjects:

MARC

LEADER 00000cam a2200000 7i4500
001 0000038550
005 20131115.0
008 131115
020 |a 0838908985 
090 0 0 |a 025.04   |b HAR 
100 1 |a Harris, Frances Jacobson 
245 1 0 |a I found it on the internet :   |b coming of age online   |c Frances Jacobson Harris 
260 |a Chicago :   |b American Library Association ,   |c 2005 
650 0 |a Information literacy   |x Study and teaching 
650 0 |a Information technology 
650 0 |a Internet and teenagers 
650 0 |a Internet   |x Social aspects 
650 0 |a Libraries and teenagers 
999 |a 0001249378   |b Book   |c Adult Collection   |e Perbadanan Perpustakaan Awam Johor